| 000 | 00505nam a2200205Ia 4500 | ||
|---|---|---|---|
| 005 | 20250425160650.0 | ||
| 008 | 250425s9999 xx 000 0 und d | ||
| 041 | _aspa | ||
| 082 | _a338.17374 | ||
| 100 | _aAROSEMENA A., GUILLERMO | ||
| 245 | 0 | _aEL FRUTO DE LOS DIOSES (VOL. 1) | |
| 250 | _a1A ED. | ||
| 260 |
_aEcuador _bGRABA _c1991 |
||
| 260 | _aGUAYAQUIL | ||
| 300 | _a452 | ||
| 650 | _aCACAO-INDUSTRIA Y COMERCIO 1600-1983 | ||
| 650 | _aPOLITICA AGRARIA | ||
| 942 | _c01 | ||
| 010 | _a1814 | ||
| 999 |
_c193717 _d193717 |
||